|
|
|
แสดงรายละเอียดบรรณานุกรม |
|
|
Brief Record
: Get Marc (ISO 2709)
: E-mail record
: |
|
|
| LEADER 00000nam 2200000uu 4500 | |||
| 001 50974 | |||
| 003 ULIBM | |||
| 008 180601s||||||||th 000 0 tha d | |||
| 020 ^a 978 616 200 500 8 | |||
| 082 0 ^a 420 ^b พ -น | |||
| 100 0 ^a พรรณิดา วาสกุล | |||
| 245 00 ^a แนะวิธีคิดพิชิตข้อสอบภาษาอังกฤษ ม. ต้น ,มั่นใจเต็ม 100 /^c พรรณิดา วาสกุล | |||
| 250 ^a พิมพ์ครั้งที่ 1 | |||
| 260 ^a นนทบุรี :^b ไอดีซี,^c 2557 | |||
| 300 ^a 184 หน้า ราคา 175 บาท | |||
| 999 ^ananthaya | |||
| คุณยังไม่ได้ล็อกอิน คุณสามารถมีกิจกรรมร่วมกับเว็บไซต์ได้ แต่ต้องล็อกอินก่อน :: |
|
| สถานะ | |||||||||
| 1. | หนังสือ | 420 พ -น Barcode: 083214 | ►หนังสือทั่วไป | On Shelf ขอยืม | |||||
| 2. | หนังสือ | 420 พ -น ฉ.3 Barcode: 083623 | ►หนังสือทั่วไป | On Shelf ขอยืม | |||||
| 3. | หนังสือ | 420 พ -น ล.2 Barcode: 083622 | ►หนังสือทั่วไป | On Shelf ขอยืม | |||||
| [แสดง 3/3 รายการ] | |||||||||

| รายการใกล้เคียง ผู้แต่ง [พรรณิดา วาสกุล] |
BibComment |
| คอมเมนท์ทรัพยากรรายการนี้ |
|
|
ห้องสมุดโรงเรียนสามัคคีวิทยาคม
159 ถ.บรรพปราการ ต.เวียง อ.เมือง จ.เชียงราย 57000
โทร. 053-711018 โทรสาร 053-713003